000 00513nam a2200217Ia 4500
003 0100
008 130303s9999 xx 000 0 und d
020 _a0534505899
040 _cARRUPELIB
050 _aBD21.K46 1999
100 _aKiernan-Lewis, Del
245 _aLearning to philosophize
245 _ba primer
260 _aBelmont, CA
260 _bWadsworth Publishing Company
260 _C1999
300 _a130p.
300 _b 23cm
650 _bLearning, Psychology of
942 _2lcc
_03
999 _c58666
_d58666